| 000 | 00719nam a2200193Ia 4500 | ||
|---|---|---|---|
| 003 | GCL | ||
| 008 | 140319s9999 xx 000 0 ara d | ||
| 020 | _a921549960 | ||
| 040 |
_aGCL / _cGCL |
||
| 082 | 0 | 4 |
_a953.122 _bم م |
| 100 | 1 | _aمحمد الراوى | |
| 245 | 1 | 0 |
_aالمدينة المنورة فى عهد الرسالة من حديث القرآن الكريم وبيان السنة المطهرة / _cمحمد الراوى |
| 250 | _aالثانية | ||
| 260 |
_aالرياض : _bمكتبة العبيكان ، _c2006 |
||
| 300 |
_a572 ص ؛ _c24 سم |
||
| 650 | 0 | 4 | _aالاماكن المقدسة |
| 650 | 0 | 4 | _aالمدينة المنورة - تاريخ - عصر صدر الإسلام |
| 942 |
_2ddc _cBK |
||
| 999 |
_c9406 _d9406 |
||